000 00533nam a2200205Ia 4500
005 20250508151336.0
008 008 250505s9999 xx 000 0 eng d
037 _aTextual
040 _aFEDL
_beng
_cFEDL
041 _aeng
_2eng
084 _a150, PIA
_qFEDL
100 _aPiaget Jean
245 0 _aLogic and psychology
260 _aManchester
_bManchester University Press
_c1953
300 _axix,48p.
365 _aINR
_b5
650 _aPsychology
942 _cTEXL
_h150, PIA
999 _c1329180
_d1329180